| 000 | 00501nam a2200181Ia 4500 | ||
|---|---|---|---|
| 003 | GCL | ||
| 008 | 140319s9999 xx 000 0 ara d | ||
| 040 |
_aGCL / _cGCL |
||
| 082 | 0 | 4 |
_a158.4 _bط س |
| 100 | 1 | _aطريف شوقى | |
| 245 | 1 | 0 |
_aالسلوك القيادى وفعالية الادارة / _cطريف شوقى |
| 300 | _a375 ص | ||
| 490 | _a | ||
| 650 | 0 | 4 | _aعلم النفس |
| 650 | 0 | 4 | _aالقيادة الادارية |
| 650 | 0 | 4 | _aالسلوك الادارى |
| 942 |
_2ddc _cBK |
||
| 999 |
_c41596 _d41596 |
||